UM Logo

Costs and ROI: (Record no. 3794)

MARC details
000 -LEADER
fixed length control field 00768nam a22001937a 4500
008 - FIXED-LENGTH DATA ELEMENTS--GENERAL INFORMATION
fixed length control field 160810b xxu||||| |||| 00| 0 eng d
020 ## - INTERNATIONAL STANDARD BOOK NUMBER
International Standard Book Number 978-0-7879-8721-3
082 ## - DEWEY DECIMAL CLASSIFICATION NUMBER
Edition number 2008
Classification number DC 658.3124
Item number P54c
100 ## - MAIN ENTRY--PERSONAL NAME
9 (RLIN) 12633
Personal name Phillips, Jack J.
245 ## - TITLE STATEMENT
Title Costs and ROI:
Remainder of title evaluating at the ultimate level/
Statement of responsibility, etc. Jack J. Phillips, Lizette Zúñiga.
260 ## - PUBLICATION, DISTRIBUTION, ETC. (IMPRINT)
Place of publication, distribution, etc. San Francisco:
Name of publisher, distributor, etc. Jossey-Bass; Pfeiffer,
Date of publication, distribution, etc. c2008.
300 ## - PHYSICAL DESCRIPTION
Extent xxi, 144 pages;
Dimensions 23 cm.
440 ## - SERIES STATEMENT/ADDED ENTRY--TITLE
9 (RLIN) 12634
Title The measurement and evaluation series ; 5
500 ## - GENERAL NOTE
General note Includes bibliographical references and index.
650 #0 - SUBJECT ADDED ENTRY--TOPICAL TERM
9 (RLIN) 12635
Topical term or geographic name as entry element Employees
General subdivision Training
-- Cost effectiveness
650 #0 - SUBJECT ADDED ENTRY--TOPICAL TERM
9 (RLIN) 12636
Topical term or geographic name as entry element Employees
General subdivision Training
-- Evaluation
700 ## - ADDED ENTRY--PERSONAL NAME
9 (RLIN) 12637
Personal name Zúñiga, Lizette
Relator term Author
942 ## - ADDED ENTRY ELEMENTS (KOHA)
Source of classification or shelving scheme Dewey Decimal Classification
Koha item type Circulation
Holdings
Withdrawn status Lost status Source of classification or shelving scheme Damaged status Not for loan Collection code Home library Current library Date acquired Source of acquisition Total Checkouts Full call number Barcode Date last seen Price effective from Koha item type
    Dewey Decimal Classification     Circulation UM Digos College - LIC UM Digos College - LIC   Photocopied   DC 658.3124 P54c 2008 21609 06/08/2021 08/10/2016 Circulation